|
|
|
|
| LEADER |
00000naa a2200000uu 4500 |
| 001 |
vtls010949948 |
| 003 |
SK-MaSNL |
| 005 |
20260302125432.0 |
| 008 |
210905|1997 xo |||||||||||||||||pol| |
| 015 |
|
|
|a SNBRA
|
| 035 |
|
|
|a (urnnbn)urn:nbn:sk:snk:ar-a0bium
|
| 035 |
|
|
|a (uuid)5f086efe-ec49-4b4e-b5ff-aa73ac78a597
|
| 035 |
|
|
|a urn:nbn:sk:snk-aauaww
|
| 040 |
|
|
|a SNKBUCL
|b slo
|c SNKBUCL
|e AACR2
|
| 041 |
0 |
|
|a pol
|
| 044 |
|
|
|a xo
|c SK
|
| 100 |
1 |
|
|a Przybylska, Jadwiga
|4 aut
|9 812501
|
| 245 |
1 |
0 |
|a KULTURA PEDAGOGICZNA NAUCZYCIELI
|c Jadwiga Przybylska
|
| 773 |
0 |
|
|t 10. DIDMATTECH '97
|d V Nitre : Univerzita Konštantína Filozofa, 1997
|g S. 186-189
|z 808050153X
|
| 958 |
|
|
|a OND
|
| 958 |
|
|
|a article11
|
| 958 |
|
|
|a chapter
|
| 999 |
|
|
|c 1293713
|d 1295643
|